| 000 | 00926nam a22002057a 4500 | ||
|---|---|---|---|
| 005 | 20230118115006.0 | ||
| 008 | 170531b mx ||||| |||| 00| 0 spa d | ||
| 050 | 0 | 4 |
_aSD397.E8 _bS46 2003 |
| 111 | 2 |
_aSeminario Michoacano sobre la problemática ambiental de las especies introducidas _d(25 de Noviembre de 2002 : _cMorelia, Michoacán, México) |
|
| 245 | 1 | 0 |
_aSeminario Michoacano sobre la problemática ambiental de las especies introducidas _b: caso eucalyptus : memoria _c/ Francisco J. Espinosa Gracía . . . [et al.]. |
| 250 | _a1a ed. | ||
| 260 |
_aMorelia : _bCentro de Investigación y Desarrollo del Estado de Michoacán, _c2003 |
||
| 300 |
_a186 : _bil. ; _c21 cm. |
||
| 504 | _aIncluye bibliografías | ||
| 650 | 7 |
_2lemb _aEucalipto _vCongresos |
|
| 700 | 1 |
_aEspinosa Gracía, Francisco J., _eautor |
|
| 700 | 1 |
_aCeccon, Eliane. _eautor |
|
| 700 | 1 |
_aMartínez Ramos, Miguel. _eautor |
|
| 942 |
_2lcc _cLIB |
||
| 999 |
_c133673 _d133673 |
||